000 00193 a2200097 4500
020 _a9789707871175
041 _aspa
100 _aAnonimo
245 _alo que los jovenes preguntan
942 _cBK
999 _c30962
_d30960